| 000 | 00423nam a22001457a 4500 | ||
|---|---|---|---|
| 020 | _a8180140075 | ||
| 082 |
_a631.587 _bARO/IR |
||
| 100 |
_aArora, K. R _9131 |
||
| 245 | _aIrrigation, Water Power and Water Resources Engineering | ||
| 250 | _a4 | ||
| 260 |
_aNew Delhi _bStandard Publishers Distributors _c2009 |
||
| 300 | _a1106 | ||
| 650 |
_aIrrigation Engineering _aWater Resources _aWater Power _9811 |
||
| 942 | _cBK | ||
| 999 |
_c14120 _d14120 |
||